000 00669nam a22001817a 4500
005 20251220100456.0
008 251219b |||||||| |||| 00| 0 eng d
040 _cAL
041 _aKonkani/Devanagari
082 _a891.468
_bरेमंड डिकूना
100 _aRaymond Dcunha Takode
_9249640
100 _a रेमंड डिकूना
_9249641
245 _aPatrakarta samajacho arso :
_bपत्र्कार्त समाजाचो अर्सो
260 _aMangluru
_bKarnatak Konkani Sahitya Academy
_c2019
300 _avi,54p
_bPB
_c18x12cm
365 _2Konkani
_a018
_b₹21.00
_c
_d₹21.00
_e0
_f04-12-2025
942 _2ddc
_cBK
999 _c240733
_d240733